ARRUPE JESUIT UNIVERSITY

CORONAVIRUS -STOP THE SPREAD - CLEAN,DISINFECT,COVER

David and Goliath (Record no. 127859)

MARC details
000 -LEADER
fixed length control field 01846cim a2200457 a 4500
001 - CONTROL NUMBER
control field 18872523
003 - CONTROL NUMBER IDENTIFIER
control field ARRUPE
005 - DATE AND TIME OF LATEST TRANSACTION
control field 20180406104214.0
007 - PHYSICAL DESCRIPTION FIXED FIELD--GENERAL INFORMATION
fixed length control field sd fsngnnmmned
008 - FIXED-LENGTH DATA ELEMENTS--GENERAL INFORMATION
fixed length control field 151125s2013 nyunnn| z | eng d
010 ## - LIBRARY OF CONGRESS CONTROL NUMBER
LC control number 2015629771
020 ## - INTERNATIONAL STANDARD BOOK NUMBER
International Standard Book Number 9781611137521
020 ## - INTERNATIONAL STANDARD BOOK NUMBER
International Standard Book Number 1611137527
028 02 - PUBLISHER NUMBER
Publisher number 2-22752
Source Hachette Audio
035 ## - SYSTEM CONTROL NUMBER
System control number (OCoLC)ocn827257609
040 ## - CATALOGING SOURCE
Original cataloging agency BTCTA
Language of cataloging eng
Transcribing agency BTCTA
Modifying agency TEF
-- TEFMT
-- IMD
-- CGP
-- RECBX
-- OCLCO
-- VP@
-- VET
-- OJ4
-- JP3
-- LD4
-- DLC
042 ## - AUTHENTICATION CODE
Authentication code lccopycat
050 00 - LIBRARY OF CONGRESS CALL NUMBER
Classification number BF503
Item number .G53
082 04 - DEWEY DECIMAL CLASSIFICATION NUMBER
Classification number 155.2/4
Edition number 23
300 ## - PHYSICAL DESCRIPTION
Dimensions 21cm.
100 1# - MAIN ENTRY--PERSONAL NAME
Personal name Gladwell, Malcolm,
Dates associated with a name 1963-
9 (RLIN) 41304
245 10 - TITLE STATEMENT
Title David and Goliath
Remainder of title underdogs, misfits, and the art of battling giants /
Statement of responsibility, etc Malcolm Gladwell.
260 ## - PUBLICATION, DISTRIBUTION, ETC. (IMPRINT)
Place of publication, distribution, etc New York :
Name of publisher, distributor, etc Back Bay Books,
Date of publication, distribution, etc 2013.
300 ## - PHYSICAL DESCRIPTION
Extent xix, 327p ;
508 ## - CREATION/PRODUCTION CREDITS NOTE
Creation/production credits note Producer, Cheryl Smith ; director, John McElroy.
511 0# - PARTICIPANT OR PERFORMER NOTE
Participant or performer note Read by the author.
520 ## - SUMMARY, ETC.
Summary, etc Malcolm Gladwell, with his unparalleled ability to grasp connections others miss, uncovers the hidden rules that shape the balance between the weak and the mighty, the powerful and the dispossessed.
650 #0 - SUBJECT ADDED ENTRY--TOPICAL TERM
Topical term or geographic name as entry element Motivation (Psychology)
9 (RLIN) 41305
650 #0 - SUBJECT ADDED ENTRY--TOPICAL TERM
Topical term or geographic name as entry element Struggle
General subdivision Psychological aspects.
9 (RLIN) 41306
650 #0 - SUBJECT ADDED ENTRY--TOPICAL TERM
Topical term or geographic name as entry element Opportunity.
9 (RLIN) 41307
650 #0 - SUBJECT ADDED ENTRY--TOPICAL TERM
Topical term or geographic name as entry element Success.
9 (RLIN) 41308
650 #2 - SUBJECT ADDED ENTRY--TOPICAL TERM
Topical term or geographic name as entry element Achievement.
9 (RLIN) 13453
650 #2 - SUBJECT ADDED ENTRY--TOPICAL TERM
Topical term or geographic name as entry element Motivation.
9 (RLIN) 14554
655 #7 - INDEX TERM--GENRE/FORM
Genre/form data or focus term Audiobooks.
Source of term lcgft
9 (RLIN) 14326
906 ## - LOCAL DATA ELEMENT F, LDF (RLIN)
a 7
b cbc
c copycat
d 2
e ncip
f 20
g y-soundrec
942 ## - ADDED ENTRY ELEMENTS (KOHA)
Source of classification or shelving scheme Library of Congress Classification
Koha item type Monograph ( Printed materials)
Holdings
Withdrawn status Lost status Source of classification or shelving scheme Damaged status Not for loan Collection code Home library Current library Shelving location Date acquired Total Checkouts Full call number Barcode Date last seen Price effective from Koha item type
    Library of Congress Classification     Main Collection ARRUPE LIBRARY ARRUPE LIBRARY Main Collection 06/04/2018   BF503 .G53 46600001710 06/04/2018 06/04/2018 Monograph ( Printed materials)
    Library of Congress Classification     Main Collection ARRUPE LIBRARY ARRUPE LIBRARY Main Collection 06/10/2020   BF503 .G53 46600008299 06/10/2020 06/10/2020 Monograph ( Printed materials)

 

Arrupe Library. PO Box MP320 Mt Pleasant, Harare, Zimbabwe
263 242 745411|librarian@aju.ac.zw